000 00421pab a2200157 454500
008 180718b1988 xxu||||| |||| 00| 0 eng d
100 _aMahler, Vineent A.
245 _aSocial benefits in advanced capitalist countries
_bA cross national assessment
260 _c1988
300 _a37-51
362 _aOct.
650 _aWelfare State
700 _aClaudio J. Katz
773 _aComparative Politics
909 _a20691
999 _c20691
_d20691